APEC Schools

The Best business books ever : the 100 most influential management books you'll never have time to read (Record no. 7595)

000 -LEADER
fixed length control field nam a22 7a 4500
005 - DATE AND TIME OF LATEST TRANSACTION
control field 20190702040527.0
008 - FIXED-LENGTH DATA ELEMENTS--GENERAL INFORMATION
fixed length control field 190702b xxu||||| |||| 00| 0 eng d
020 ## - IDENTIFIER FOR THE MANIFESTATION
Identifier for the Manifestation 0738208493
Binding paperback
040 ## - CATALOGING SOURCE
Language of Cataloging eng
Transcribing Agency APEC Schools Library
Description Conventions rda
082 ## - DEWEY DECIMAL CLASSIFICATION NUMBER
Classification number C 016.65
Author's Number B561 2003
245 ## - TITLE AND STATEMENT OF RESPONSIBILITY
Preferred Title Proper The Best business books ever : the 100 most influential management books you'll never have time to read
264 ## - PUBLICATION STATEMENT
Place of publication, distribution, etc Cambridge, MA :
Publisher's Name/Parallel Publisher's Name Bloomsbury Publishing, Plc.,
Copyright ©2003.
300 ## - PHYSICAL DESCRIPTION
Extent ix, 202 pages ;
336 ## - RDA CONTENT
Source rdacontent
Content Type text
337 ## - RDA MEDIA
Source rdamedia
Media Type unmediated
338 ## - RDA CARRIER
Source rdacarrier
Carrier Type volume
504 ## - BIBLIOGRAPHY, ETC. NOTE
Bibliography, etc Includes index.
650 ## - ADDED SUBJECT ACCESS POINT - TOPICAL TERM
Topical Term Management.
650 ## - ADDED SUBJECT ACCESS POINT - TOPICAL TERM
Topical Term Business.
942 ## - ADDED ENTRY ELEMENTS (KOHA)
Source of Classification
Koha Item Type Non Fiction
Holdings
Library Site Location Shelving Location Source of Acquisition Full Classification Number Accession Number Koha Item Type
APEC San Pablo, Laguna Library APEC San Pablo, Laguna Library Circulation Institutional Fund C 016.65 B561 2003 D01-0000053 Non Fiction

Powered by Koha